The Smithsonian Institution African Mammal Project 1961-1972: an annotated gazetteer of collecting localities and summary of its taxonomic and geographic scope

Uloženo v:
Podrobná bibliografie
Hlavní autoři: Schmidt, David F (Autor), Ludwig, Craig A (Autor), Carleton, Michael D (Autor)
Médium: Kniha
Jazyk:angličtina
Vydáno: Washington, D.C Smithsonian Institution Scholarly Press 2008
Edice:Series Publications of the Smithsonian Institution
Témata:
Tagy: Přidat tag
Žádné tagy, Buďte první, kdo vytvoří štítek k tomuto záznamu!

MARC

LEADER 00000nam a2200000 a 4500
001 UCI8869
003 CL-VaPUC
008 081009e20080000US |||||||||||||||||eng|d
082 0 4 |a 599.096  |b SCH  |2 21 
100 0 |a Schmidt, David F  |e author  |9 532527 
700 0 |a Ludwig, Craig A  |e author  |9 532528 
700 0 |a Carleton, Michael D  |e author  |9 532529 
245 1 4 |a The Smithsonian Institution African Mammal Project 1961-1972: an annotated gazetteer of collecting localities and summary of its taxonomic and geographic scope 
300 |a 320 p 
942 |c BK 
945 |d 20081009 00:00:00  |a rbrito 
260 |a Washington, D.C  |b Smithsonian Institution Scholarly Press  |c 2008 
650 7 |a MAMIFEROS  |2 CL-VaPUC  |9 266111 
650 0 |a Zoología  |9 261613 
650 7 |a FAUNA  |2 CL-VaPUC  |9 349523 
650 0 |a Animales   |9 269820 
651 0 |a África  |9 256790 
583 |a last modification  |c 20081009 00:00:00  |k Rodrigo Vera 
490 0 |a Series Publications of the Smithsonian Institution 
999 |c 331630  |d 331628